000 00382nam a22001337a 4500
040 _cNust
082 _a629.8
_bPER
100 _aPerruqueti, Wilfrid
_9124102
110 _aBarbot. Piere Jean
_9124103
245 _aSliding Mode Control In Engineering
260 _aNew York:
_bMarcel Dekker, Inc,
_c2002.
650 _aSliding Mode Control In Engineering
_9124104
942 _2ddc
_cBK
999 _c610072
_d610072